000 00437nam a22001337a 4500
008 150108b xxu||||| |||| 00| 0 eng d
020 _a9781470106386
050 _aB659.2. Z64
100 _aZiccardi, James M.
_913595
245 _aFundamental Boethius
_ba practical guide to the theological tractates and consolation of philosophy
_cJames M. Ziccardi
300 _a73p. ;
_c22cm.
650 _aBoethius
_913597
942 _2lcc
_cMONOGRAPH
999 _c121548
_d121548